LEADER 01208nam--2200397---450 001 990001643420203316 005 20200917103423.0 035 $a000164342 035 $aUSA01000164342 035 $a(ALEPH)000164342USA01 035 $a000164342 100 $a20040510d1940----km-y0itay0103----ba 101 0 $aita 102 $aIT 105 $aa---||||001yy 200 1 $aAutunno del Medio Evo$fJohan Huizinga$gtraduzione dall'olandese di Bernardo Jasink 210 $aFirenze$cSansoni$d1940 215 $aVIII, 497 p., [9] carte di tav.$cill.$d24 cm. 225 2 $aBiblioteca storica Sansoni$iN. S.$v2 300 $aTraduzione della 3. ed olandese 410 0$12001$aBiblioteca storica Sansoni 454 1$12001$aHerfsttij der Middeleeuwen$915460 461 1$1001-------$12001 606 0 $aMedioevo$zSec. 14.-15. 676 $a840.1 700 1$aHUIZINGA,$bJohan$0292479 702 1$aJASINKI,$bBernardo 801 0$aIT$bsalbc$gISBD 912 $a990001643420203316 951 $aX.1.B. 161 (III A Coll. 31/2)$b46976 L.M.$cX.1.B. 951 $aFC M 1188$bDLM$cFC M 959 $aBK 969 $aUMA 969 $aDILAM 996 $aHerfsttij der Middeleeuwen$915460 997 $aUNISA